Taylor Swift Red album lyrics - Statistics

General Stats
  • This quiz has been taken 1,850 times
  • The average score is 7 of 11
Answer Stats
Hint Missing Lyric Song Name % Correct
Remembering him comes in flashbacks and ______ echoes Red
89%
You call me up again just to break me like a promise/So ________ _____ in the name of being honest casually cruel All Too Well
86%
You throw your ____ ____ ________ like a little kid head back laughing Begin Again
73%
I threw __ _____ across the room my phone Stay, Stay, Stay
72%
I’m a ________ __ piece of paper lying here crumpled up All Too Well
69%
This love is treacherous, this path is ________ reckless Treacherous
67%
Love is a ruthless game unless you play it ____ ___ _____ good and right State Of Grace
66%
Find myself at your door, after all those _____ ______ times before The Last Time
65%
It takes everything in me ___ __ ____ ___ not to call you I Almost Do
56%
They say you bought a bunch of land somewhere/chose the ____ ______ ____ _______ ______ rose garden over madison square The Lucky One
48%
we are alone, just you and me/ up in your room and our ______ ___ _____ slates are clean State Of Grace
37%
No matching quizzes found
Score Distribution
Percent of People with Each Score
Percentile by Number Answered
Your Score History
You have not taken this quiz